Witness tips (Record no. 75340)

MARC details
000 -LEADER
fixed length control field 00738cab a2200181 4500
001 - CONTROL NUMBER
control field L129908
008 - FIXED-LENGTH DATA ELEMENTS--GENERAL INFORMATION
fixed length control field 050603n2005 000 0 eng u
035 ## - SYSTEM CONTROL NUMBER
System control number (Sirsi) u129908
041 ## - LANGUAGE CODE
Language code of text/sound track or separate title eng
100 ## - MAIN ENTRY--PERSONAL NAME
Personal name O'Driscoll, Roderick
245 ## - TITLE STATEMENT
Title Witness tips
260 ## - PUBLICATION, DISTRIBUTION, ETC.
Date of publication, distribution, etc. 2005
490 ## - SERIES STATEMENT
Series statement Site Recorder
Volume/sequential designation 123(1465) May 2005, 4(1)
520 ## - SUMMARY, ETC.
Summary, etc. Gives witness tips for those in construction disputes called to give evidence. Discusses what circumstances are likely to result in a call to be a witness, and the preparation of a witness statement. (See also L129964 and L130337).
590 ## - LOCAL NOTE (RLIN)
Local note IKA070605
690 ## - LOCAL SUBJECT ADDED ENTRY--TOPICAL TERM (OCLC, RLIN)
Topical term or geographic name as entry element MANAGEMENT-DISPUTE AVOIDANCE, MANAGEMENT AND RESOLUTION-DISPUTE MANAGEMENT AND RESOLUTION-EXPERT WITNESSES
942 ## - ADDED ENTRY ELEMENTS (KOHA)
Suppress in OPAC 0
Holdings
Withdrawn status Lost status Source of classification or shelving scheme Damaged status Not for loan Home library Current library Shelving location Date acquired Total Checkouts Full call number Barcode Date last seen Copy number Price effective from Koha item type
    Dewey Decimal Classification     London London Journal article 03/06/2005   L129908 129908-1001 06/08/2019 1 06/08/2019 Journal article